Online
Catalog

Men who knew Christ/ : (Record no. 1177)

MARC details
000 -CABECERA
campo de control de longitud fija 00662cam a2200205 a 4500
001 - NÚMERO DE CONTROL
campo de control 000001230
005 - FECHA Y HORA DE LA ÚLTIMA TRANSACCIÓN
campo de control 20200929145520.0
008 - DATOS DE LONGITUD FIJA--INFORMACIÓN GENERAL
campo de control de longitud fija 710817s1971 caua b 001 0ceng
020 ## - NÚMERO INTERNACIONAL ESTÁNDAR DEL LIBRO
Número Internacional Estándar del Libro 0830700862
040 ## - FUENTE DE LA CATALOGACIÓN
Centro catalogador/agencia de origen DO-SdBNP
Centro/agencia modificador BNPHU
082 ## - NÚMERO DE LA CLASIFICACIÓN DECIMAL DEWEY
Número de clasificación 225.922
Número de documento/Ítem L345m
100 1# - ENTRADA PRINCIPAL--NOMBRE DE PERSONA
Nombre de persona LaSor, William Sanford.
Forma completa/desarrollada del nombre (La Sor, William Sanford)
9 (RLIN) 4187
245 10 - MENCIÓN DE TÍTULO
Título Men who knew Christ/ :
Resto del título William Sanford Lasor.
260 ## - PUBLICACIÓN, DISTRIBUCIÓN, ETC.
Lugar de publicación, distribución, etc. California :
Nombre del editor, distribuidor, etc. Regal books división,
Fecha de publicación, distribución, etc. 1971.
300 ## - DESCRIPCIÓN FÍSICA
Extensión 167 p. :
Otras características físicas illus. ;
Dimensiones 18 cm.
650 #4 - PUNTO DE ACCESO ADICIONAL DE MATERIA--TÉRMINO DE MATERIA
Término de materia o nombre geográfico como elemento de entrada Hombres en la biblia
9 (RLIN) 4188
650 00 - PUNTO DE ACCESO ADICIONAL DE MATERIA--TÉRMINO DE MATERIA
Término de materia o nombre geográfico como elemento de entrada Biblia.
Subdivisión general N.t.
-- Biografías
9 (RLIN) 4189
650 #4 - PUNTO DE ACCESO ADICIONAL DE MATERIA--TÉRMINO DE MATERIA
Término de materia o nombre geográfico como elemento de entrada Biblia
Subdivisión de forma BIOGRAFÍAS
9 (RLIN) 4190
910 ## - DATOS DE OPCIÓN DEL USUARIO (OCLC)
Datos de opción del usuario Catalogación derivada/LC
Holdings
Estado de retiro Estado de pérdida Restricciones de uso No para préstamo Código de colección Localización permanente Ubicación/localización actual Ubicación en estantería Fecha de adquisición Número de inventario Total de préstamos Signatura topográfica completa Código de barras Fecha visto por última vez Precio válido a partir de Tipo de ítem Koha
    Préstamo interno Préstamo en sala Dominicana de Servicio Biblioteca Nacional Pedro Henríquez Ureña Biblioteca Nacional Pedro Henríquez Ureña Depósito 04.09.2009 LF1   225.922 L345m 1230-10 25.06.2020 25.06.2020 Libros y folletos

Powered by Koha